000 01626nam a22003617a 4500
005 20240530110357.0
008 150114s2010 ua dokff b 000 0 ara d
017 _a2010/1938
_bمصر . دار الكتب المصرية
020 _a977232766x
040 _aEG-CaGPL
041 0 _aara
082 0 4 _221
_a391.009
_bق/ ك ر
100 0 _aكفاية سليمان احمد
245 1 0 _aرؤية فنية حديثة لجماليات تصميم وتشكيل ازياء المناسبات :
_bبالفترات التاريخية المختلفة /
_cكفاية سليمان احمد ، نجوى شكرى محمد ، كرامة ثابت حسن الشيخ
250 _aط1
260 _aالقاهرة :
_bعالم الكتب ،
_c2010
300 _a423 ص :
_bايض ؛
_c24 سم
504 _aببليوجرافية : ص 415 - 423
650 0 4 _aالازياء
_xتاريخ
650 0 4 _aتصميم الازياء
650 0 4 _aالازياء
_yالعصر الفرعونى
650 0 4 _aالازياء
_yالعصر الفاطمى
650 0 4 _aالازياء
_yالعصر المملوكى
650 0 4 _aالازياء
_yالعصر العثمانى
650 0 4 _aالازياء
_yعصر محمد على
650 0 4 _aالازياء
_yعصر الخديوى اسماعيل
650 0 4 _aالازياء
_yعصر الخديوى توفيق الحكم
650 0 4 _aالازياء
_yعصر الملك فؤاد
700 0 _aنجوى شكرى محمد
_eمؤلف مشارك
700 0 _aكرامة ثابت حسن الشيخ
_eمؤلف مشارك
942 _2ddc
_cBK
999 _c60195
_d60195